[Event "GER-ch Net Amateur Gr-C Vor2"]
[Site "Playchess.com INT"]
[Date "2020.04.15"]
[Round "8"]
[White "Kanbach, Tim Casimir"]
[Black "Mras, Reiko"]
[Result "0-1"]
[WhiteElo "1203"]
[BlackElo "1295"]
[PlyCount "86"]
[EventDate "2020.04.15"]
[EventType "swiss (blitz)"]
[EventRounds "9"]
[EventCountry "GER"]
[SourceTitle "CBM 196 Extra"]
[Source "ChessBase"]
[SourceDate "2020.07.31"]
[SourceVersion "1"]
[SourceVersionDate "2020.07.31"]
[SourceQuality "1"]

1. e4 c5 2. Nf3 d6 3. Nc3 Nf6 4. Bc4 g6 5. Ng5 e6 6. d3 Bg7 7. Nf3 0-0 8. Be3 Bd7 9. 0-0 b5 10. Nxb5 d5 11. exd5 exd5 12. Na3 dxc4 13. dxc4 Ne4 14. c3 Bf5 15. Qxd8 Rxd8 16. Bg5 Rd6 17. Bf4 Rd7 18. Bxb8 Rxb8 19. Rab1 Nxc3 20. Rbe1 Nxa2 21. Nb5 a6 22. Nc3 Nxc3 23. bxc3 Bxc3 24. Nd2 Bxd2 25. Rd1 Rbd8 26. h3 Bf4 27. Ra1 Rd6 28. g3 Be5 29. Rfe1 Bxa1 30. Rxa1 Rd1+ 31. Rxd1 Rxd1+ 32. Kg2 Bd3 33. g4 Bxc4 34. Kf3 a5 35. Ke4 a4 36. Ke5 a3 37. Ke4 a2 38. Kf3 a1Q 39. Kg3 Qc3+ 40. Kg2 Qe1 41. Kg3 Rd3+ 42. Kg2 Bd5+ 43. Kh2 Qxf2# 0-1

[Event "GER-ch Net Amateur Gr-C Vor2"]
[Site "Playchess.com INT"]
[Date "2020.04.15"]
[Round "6"]
[White "Mras, Reiko"]
[Black "Kauschanski, Nicolas"]
[Result "0-1"]
[WhiteElo "1387"]
[BlackElo "1406"]
[PlyCount "118"]
[EventDate "2020.04.15"]
[EventType "swiss (blitz)"]
[EventRounds "9"]
[EventCountry "GER"]
[SourceTitle "CBM 196 Extra"]
[Source "ChessBase"]
[SourceDate "2020.07.31"]
[SourceVersion "1"]
[SourceVersionDate "2020.07.31"]
[SourceQuality "1"]

1. d4 Nf6 2. Nf3 g6 3. Bg5 Bg7 4. Nc3 d5 5. Qd3 e6 6. e4 dxe4 7. Nxe4 Nbd7 8. 0-0-0 0-0 9. Be2 Qe8 10. Qe3 Nxe4 11. Qxe4 Nf6 12. Qe5 Qe7 13. Nd2 h6 14. Bxf6 Qxf6 15. Qxf6 Bxf6 16. Ne4 Bg7 17. Bc4 Rd8 18. c3 Bd7 19. Nc5 Bc6 20. Rhe1 Bxg2 21. Nxb7 Bxb7 22. Rd2 h5 23. Red1 Bh6 24. Kc2 Bxd2 25. Rxd2 Be4+ 26. Bd3 Bxd3+ 27. Rxd3 Rab8 28. f3 Rbc8 29. f4 c5 30. Kd2 cxd4 31. cxd4 Rc4 32. Ke3 Rc2 33. Rb3 Rxh2 34. Rb7 Rh3+ 35. Ke4 Rh2 36. a4 Rd2 37. Rb4 f5+ 38. Ke3 Rh2 39. b3 Rh3+ 40. Kd2 Rf3 41. Rb7 Rxf4 42. Rxa7 Rfxd4+ 43. Ke3 h4 44. Rc7 h3 45. Rc2 f4+ 46. Kf3 g5 47. Kg4 Rd2 48. Rc1 h2 49. Re1 Rd1 50. Rxd1 Rxd1 51. Kxg5 h1Q 52. a5 Qh3 53. Kf6 Qxb3 54. a6 Qa3 55. a7 Qxa7 56. Kxe6 Qe3+ 57. Kf5 f3 58. Kg4 f2 59. Kf5 f1Q+ 0-1